Vaše bezpečnost a anonymita na Internetu

Na minha lista:
Detalhes bibliográficos
Autor principal: Střihavka, Marek (Author)
Formato: Livro
Idioma:tcheco
Publicado em: Praha : Computer Press, 2001
Edição:1. vyd.
Assuntos:
Tags: Adicionar Tag
Sem tags, seja o primeiro a adicionar uma tag!

MARC

LEADER 00000nam a22000003a 4500
001 stu73713
005 20150617225648.6
008 020208s2001----xr------------------cze-d
020 |a 80-7226-586-5 
040 |a STU  |b slo 
041 0 |a cze 
044 |a xr 
080 |a 004.738.5 
100 1 |a Střihavka, Marek  |4 aut 
245 1 |a Vaše bezpečnost a anonymita na Internetu 
250 |a 1. vyd. 
260 |a Praha :  |b Computer Press,  |c 2001 
300 |a 87 s 
650 7 |a internet  |2 stusub 
996 |b 284M034684  |c M*10866-1  |l MMKN  |s A  |a 24  |w stu73713_0001